Fundamentals of classical thermodynamics (Record no. 14470)

000 -LEADER
fixed length control field 00490nam a22001937a 4500
001 - CONTROL NUMBER
control field 14470
003 - CONTROL NUMBER IDENTIFIER
control field BD-DhUET
008 - FIXED-LENGTH DATA ELEMENTS--GENERAL INFORMATION
fixed length control field 150308b xxu||||| |||| 00| 0 eng d
040 ## - CATALOGING SOURCE
Transcribing agency 0
Modifying agency BD-DhUET
082 ## - DEWEY DECIMAL CLASSIFICATION NUMBER
Classification number 536.7
Item number VAN/1985
100 ## - MAIN ENTRY--PERSONAL NAME
Personal name Van Wylen, Gordon J.
245 ## - TITLE STATEMENT
Title Fundamentals of classical thermodynamics
250 ## - EDITION STATEMENT
Edition statement 3rd ed.
260 ## - PUBLICATION, DISTRIBUTION, ETC. (IMPRINT)
Place of publication, distribution, etc. New York
Name of publisher, distributor, etc. John Wiley & Sons
Date of publication, distribution, etc. 1985
300 ## - PHYSICAL DESCRIPTION
Extent xiv, 722 p.
650 #0 - SUBJECT ADDED ENTRY--TOPICAL TERM
Topical term or geographic name as entry element Thermodynamics
700 ## - ADDED ENTRY--PERSONAL NAME
Personal name Sonntag, Richard E.
942 ## - ADDED ENTRY ELEMENTS (KOHA)
Koha item type General Book
Holdings
Price effective from Location (home branch) Koha item type Koha date last borrowed Copy number Piece designation (barcode) Shelving location Withdrawn status Date acquired Not for loan Sublocation or collection (holding branch) Lost status Koha issues (times borrowed) Koha normalized classification for sorting Damaged status Source of classification or shelving scheme Koha date last seen Koha full call number
2015-03-08Central Library, BUETGeneral Book2025-05-26168588Circulation section 2015-03-08 Central Library, BUET 2536_700000000000000_VAN_1985  2025-06-23536.7/VAN/1985
2015-03-10Central Library, BUETGeneral Book2023-04-30268590Circulation section 2015-03-10 Central Library, BUET 4536_700000000000000_VAN_1985  2023-05-08536.7/VAN/1985
2015-03-10Central Library, BUETGeneral Book2023-12-02368592Circulation section 2015-03-10 Central Library, BUET 2536_700000000000000_VAN_1985  2023-12-11536.7/VAN/1985
2015-03-16Central Library, BUETGeneral Book2023-12-02468589Circulation section 2015-03-16 Central Library, BUET 2536_700000000000000_VAN_1985  2024-02-18536.7/VAN/1985